书目信息 |
| 题名: |
水力学教程
|
|
| 作者: | 黄儒钦 编 | |
| 分册: | ||
| 出版信息: | 峨嵋 西南交通大学出版社 2002 |
|
| 页数: | 169页 | |
| 开本: | 26cm | |
| 丛书名: | ||
| 单 册: | ||
| 中图分类: | TV13 | |
| 科图分类: | ||
| 主题词: | 水力学 , 热工水力学 | |
| 电子资源: | ||
| ISBN: | 7-81057-162-1 | |
| 000 | 00570nam0 2200217 450 | |
| 001 | 0640030982 | |
| 005 | 20060930110835.10 | |
| 010 | @a7-81057-162-1@dCNY13.00 | |
| 100 | @a20060930d2002 km y0chiy0120 ea | |
| 101 | 0 | @achi |
| 102 | @aCN | |
| 200 | 1 | @a水力学教程@Ashui li xue jiao cheng@f黄儒钦 编@Fhuang ru qin bian |
| 205 | @a2版 | |
| 210 | @a峨嵋@c西南交通大学出版社@d2002 | |
| 215 | @a169页@d26cm | |
| 606 | 0 | @a水力学 |
| 606 | 0 | @a热工水力学 |
| 690 | @aTV13@v3 | |
| 701 | 0 | @a黄儒钦@Ahuang ru qin@4编 |
| 801 | 0 | @aCN@bPFT@c20060930 |
| 905 | @a10447@dTV13@e28=2 | |
| 水力学教程/黄儒钦 编.-2版.-峨嵋:西南交通大学出版社,2002 |
| 169页;26cm |
| ISBN 7-81057-162-1:CNY13.00 |
| ● |
| 相关链接 |
|
|
|
|
正题名:水力学教程
索取号:TV13/28=2
 
预约/预借
| 序号 | 登录号 | 条形码 | 馆藏地/架位号 | 状态 | 备注 |
| 1 | 0501555 | 205015552 | 密集书库/ [索取号:TV13/28=2] | 在馆 |